| 000 | 00773nam a2200265Ia 4500 | ||
|---|---|---|---|
| 008 | 171025s9999 xx 000 0 und d | ||
| 020 | _a81661339 | ||
| 050 | _a792 | ||
| 050 | _bS918 | ||
| 100 | _aStrindberg, August | ||
| 245 | _aSelected plays / | ||
| 245 | _cby August Strindberg ; translated and introduced by Evert Sprinchorn. | ||
| 260 | _aCanada : | ||
| 260 | _bUniversity of Minnesola Press, | ||
| 260 | _c1986 | ||
| 300 | _a389 pages : | ||
| 300 | _billustrations ; | ||
| 300 | _c22cm. | ||
| 500 | _aContents : v. 1. The pre-Inferno period -v. 2. -- The post-Inferno period. | ||
| 650 | _aStrindberg, August -- | ||
| 650 | _aTheater. | ||
| 650 | _x1849-1912 -- Translations into English. | ||
| 700 | _aSprinchorn, Evert. | ||
| 700 | _aTitle. | ||
| 999 |
_c344929 _d344929 |
||